[Event "Staufer op-B 27th"]
[Site "Schwaebisch Gmuend"]
[Date "2015.01.03"]
[Round "4"]
[White "Gheng, Hannelore"]
[Black "Romes, Max"]
[Result "0-1"]
[WhiteElo "1664"]
[BlackElo "1906"]
[PlyCount "50"]
[EventDate "2015.01.02"]
[EventType "swiss"]
[EventRounds "9"]
[EventCountry "GER"]
[SourceTitle "EXT 2016"]
[Source "ChessBase"]
[SourceDate "2015.10.08"]
[SourceVersion "1"]
[SourceVersionDate "2015.10.08"]
[SourceQuality "1"]

1. e4 c6 2. d4 d5 3. Nc3 dxe4 4. Nxe4 Nf6 5. Nxf6+ gxf6 6. Bf4 Bf5 7. Nf3 e6 8. Bd3 Bg6 9. Qe2 Bd6 10. Bxd6 Qxd6 11. Rd1 Nd7 12. a3 Rg8 13. g3 Bh5 14. Bxh7 Rg7 15. Be4 0-0-0 16. Qe3 Rgg8 17. 0-0 f5 18. Bd3 f4 19. Qe2 Rg7 20. Kh1 Nf6 21. Be4 Rh8 22. Rg1 fxg3 23. fxg3 Rxg3 24. Rxg3 Qxg3 25. Rg1 Nxe4 0-1

[Event "Schwarzach op-B 26th"]
[Site "Schwarzach"]
[Date "2011.08.26"]
[Round "7.6"]
[White "Aigner, Gerhard"]
[Black "Romes, Max"]
[Result "1-0"]
[WhiteElo "2032"]
[BlackElo "1681"]
[PlyCount "89"]
[EventDate "2011.08.20"]
[EventType "swiss"]
[EventRounds "9"]
[EventCountry "AUT"]
[SourceTitle "EXT 2024"]
[Source "ChessBase"]
[SourceDate "2023.10.10"]
[SourceVersion "1"]
[SourceVersionDate "2023.10.10"]
[SourceQuality "1"]

1. d4 f5 2. e4 fxe4 3. Nc3 Nf6 4. Bg5 g6 5. Bxf6 exf6 6. Nxe4 f5 7. Nc3 Qe7+ 8. Be2 Bg7 9. Nf3 Qb4 10. 0-0 0-0 11. Qd2 Nc6 12. a3 Qe7 13. Bc4+ Kh8 14. Rfe1 Qf6 15. Nd5 Qd6 16. Rad1 b5 17. Ba2 Bb7 18. Nc3 a6 19. b4 Nd8 20. Qe3 Nf7 21. Ne5 Nxe5 22. dxe5 Qc6 23. Bd5 f4 24. Qd4 Qb6 25. Qxb6 cxb6 26. Bxb7 Rae8 27. Rxd7 Bxe5 28. Ne4 a5 29. Red1 Bb2 30. Ng5 Bg7 31. Nf7+ Kg8 32. Bd5 Re2 33. Bb3 a4 34. Kf1 Ree8 35. Nd6+ axb3 36. Nxe8 Rxe8 37. cxb3 Bb2 38. Rd8 Kf8 39. Rxe8+ Kxe8 40. a4 bxa4 41. bxa4 Ba3 42. Rb1 Kd7 43. Ke2 Kc6 44. Kd3 Kd5 45. Kc3 1-0

[Event "Schwarzach op-B 26th"]
[Site "Schwarzach"]
[Date "2011.08.21"]
[Round "2.7"]
[White "Romes, Max"]
[Black "Kreiner, Stefan"]
[Result "0-1"]
[WhiteElo "1681"]
[BlackElo "1937"]
[PlyCount "71"]
[EventDate "2011.08.20"]
[EventType "swiss"]
[EventRounds "9"]
[EventCountry "AUT"]
[SourceTitle "EXT 2024"]
[Source "ChessBase"]
[SourceDate "2023.10.10"]
[SourceVersion "1"]
[SourceVersionDate "2023.10.10"]
[SourceQuality "1"]

1. d4 Nf6 2. e3 d5 3. Bd3 e6 4. f4 c5 5. c3 Bd7 6. Nf3 Nc6 7. 0-0 h5 8. Ne5 Qe7 9. Nd2 0-0-0 10. Ndf3 Ng4 11. b3 Be8 12. h3 Nh6 13. a4 f6 14. Nxc6 Bxc6 15. Nh4 Be8 16. Ba3 Qc7 17. Bg6 Bd6 18. Qe2 Kb8 19. Bd3 Ng8 20. Bb5 g5 21. fxg5 fxg5 22. Nf3 g4 23. Ng5 Qe7 24. h4 a6 25. Bxe8 Rxe8 26. Rf7 Qd8 27. dxc5 Be7 28. c6 Nh6 29. Rff1 g3 30. cxb7 Qb6 31. a5 Qxb7 32. e4 Bxg5 33. Bd6+ Ka8 34. Bf4 Rhg8 35. Qe3 e5 36. Bxe5 0-1